Mandela, the man = (Record no. 5036)
[ view plain ]
| 000 -LEADER | |
|---|---|
| fixed length control field | 01234nam a22002775a 4500 |
| 005 - DATE AND TIME OF LATEST TRANSACTION | |
| control field | 20240227093554.0 |
| 007 - PHYSICAL DESCRIPTION FIXED FIELD--GENERAL INFORMATION | |
| fixed length control field | vf ubahou |
| 008 - FIXED-LENGTH DATA ELEMENTS--GENERAL INFORMATION | |
| fixed length control field | 100526s1999 ua 40 g |||| 0| vzeng d |
| 040 ## - CATALOGING SOURCE | |
| Original cataloging agency | EG-ScBUE |
| Transcribing agency | EG-ScBUE |
| Modifying agency | EG-ScBUE |
| 082 04 - DEWEY DECIMAL CLASSIFICATION NUMBER | |
| Classification number | 968.050924 |
| Item number | MAN |
| Edition number | 22 |
| 245 00 - TITLE STATEMENT | |
| Title | Mandela, the man = |
| Remainder of title | مانديلا الإنسان |
| Medium | [videorecording] / |
| 246 31 - VARYING FORM OF TITLE | |
| Title proper/short title | مانديلا الإنسان |
| 260 ## - | |
| -- | Cairo : |
| -- | Hay Film, |
| -- | 1999. |
| 300 ## - PHYSICAL DESCRIPTION | |
| Extent | 1 videocassette (45 min.) : |
| Other physical details | sd., col. ; |
| Dimensions | 1/2 in. |
| 336 ## - CONTENT TYPE | |
| Source | rdacontent |
| Content type term | text |
| Content type code | txt |
| 337 ## - MEDIA TYPE | |
| Media type term | unmediated |
| Source | rdamedia |
| Media type code | n |
| 338 ## - CARRIER TYPE | |
| Carrier type term | volume |
| Carrier type code | nc |
| Source | rdacarrier |
| 508 ## - | |
| -- | Producer/director, Tony Cimber ; writer/researcher, Tom Moses ; online editor, Scott Daniels ; music and effects, Audio Art. |
| 520 ## - SUMMARY, ETC. | |
| Summary, etc | Details the life of Nelson Mandela, his struggle to free black South Africans from Apartheid, and his dramatic rise to power over the government which had imprisoned him. |
| 538 ## - SYSTEM DETAILS NOTE | |
| System details note | VHS format. |
| 600 1# - SUBJECT ADDED ENTRY--PERSONAL NAME | |
| Personal name | Mandela, Nelson, |
| Dates associated with a name | 1918- |
| 9 (RLIN) | 5754 |
| 650 #7 - SUBJECT ADDED ENTRY--TOPICAL TERM | |
| Topical term or geographic name as entry element | Political prisoners |
| Geographic subdivision | South Africa. |
| Source of heading or term | BUEsh |
| 650 #7 - SUBJECT ADDED ENTRY--TOPICAL TERM | |
| Topical term or geographic name as entry element | Anti-apartheid movements |
| Geographic subdivision | South Africa. |
| Source of heading or term | BUEsh |
| 651 #7 - SUBJECT ADDED ENTRY--GEOGRAPHIC NAME | |
| Geographic name | South Africa |
| General subdivision | Politics and government |
| Chronological subdivision | 1961-1978. |
| Source of heading or term | BUEsh |
| 942 ## - ADDED ENTRY ELEMENTS (KOHA) | |
| Koha item type | Video (NB) |
| Source of classification or shelving scheme | Dewey Decimal Classification |
| Classification part | RDA-MOD |
| Withdrawn status | Lost status | Source of classification or shelving scheme | Damaged status | Not for loan | Home library | Current library | Shelving location | Date acquired | Source of acquisition | Total Checkouts | Full call number | Barcode | Date last seen | Price effective from | Koha item type |
|---|---|---|---|---|---|---|---|---|---|---|---|---|---|---|---|
| Dewey Decimal Classification | Central Library | Central Library | Second Floor | 07/10/2010 | Purchase | 968.06 م ان | 000006336 | 24/08/2022 | 10/10/2007 | Video (NB) |